Le Congrés des Américanistes tenu a Madrid en septembre 1881 / (Record no. 164838)

MARC details
000 -LEADER
campo de control de longitud fija 00922nam a2200229 i 4500
001 - NÚMERO DE CONTROL
campo de control 164838
003 - IDENTIFICADOR DE NÚMERO DE CONTROL
campo de control ES-MaACL
005 - FECHA Y HORA DE LA ÚLTIMA TRANSACCIÓN
campo de control 20250718191210.0
008 - DATOS DE LONGITUD FIJA--INFORMACIÓN GENERAL
campo de control de longitud fija 010719q1881 fr |||| | fre d
040 ## - FUENTE DE CATALOGACIÓN
Centro catalogador/agencia de origen CCPB | B
Lengua de catalogación spa
Centro/agencia transcriptor CCPB | B
080 ## - NÚMERO DE LA CLASIFICACIÓN DECIMAL UNIVERSAL
Número de la Clasificación Decimal Universal 930.85(7/8):061.3(460.27 M.)"1881"
100 1# - ENTRADA PRINCIPAL--NOMBRE DE PERSONA
Nombre de persona Saussure, Henri de.
9 (RLIN) 104018
245 13 - MENCIÓN DEL TÍTULO
Título Le Congrés des Américanistes tenu a Madrid en septembre 1881 /
Mención de responsabilidad, etc. par Henri de Saussure.
260 ## - PUBLICACIÓN, DISTRIBUCIÓN, ETC.
Lugar de publicación, distribución, etc. [S.l. :
Nombre del editor, distribuidor, etc. s.n.,
Fecha de publicación, distribución, etc. 1881?]
300 ## - DESCRIPCIÓN FÍSICA
Extensión 48 p. ;
Dimensiones 24 cm.
530 ## - NOTA DISPONIBLE DE FORMULARIO FÍSICO ADICIONAL
Nota de formato físico adicional disponible Disponible en formato digital.
594 ## - Nota al título y mención de responsabilidad
Nota al título y mención de responsabilidad Tít. y autor tomados de inicio de texto en p. 1.
611 27 - PUNTO DE ACCESO ADICIONAL DE MATERIA--NOMBRE DE REUNIÓN/CONGRESO
Nombre de congreso/reunión o jurisdicción como elemento de entrada Congreso Internacional de Americanistas
Número del congreso/reunión o número de parte o sección (4º.
Fecha del congreso o de la firma del tratado 1881.
Sede del congreso/Lugar de la reunión Madrid)
Fuente del encabezamiento o término
9 (RLIN) 148029
852 ## - LOCALIZACIÓN
Ubicación ES-MaACL
Número de control de estantería T-541-F-2
Nota libre -- Enc. hol.
-- -- Enc. en un vol. facticio
856 ## - LOCALIZACIÓN Y ACCESO ELECTRÓNICOS
Identificador Uniforme de Recursos <a href="http://bdh-rd.bne.es/viewer.vm?id=0000102241&page=1 ">http://bdh-rd.bne.es/viewer.vm?id=0000102241&page=1 </a>
Nota pública Biblioteca Digital Hispánica
Holdings
Estatus retirado Estado de pérdida Estado de daño No para préstamo Colección Biblioteca de origen Biblioteca actual Ubicación en estantería Fecha de adquisición Total de préstamos Signatura topográfica completa Código de barras Visto por última vez Precio de reemplazo Tipo de ítem Koha
        Colección de folletos Biblioteca del Ateneo de Madrid Biblioteca del Ateneo de Madrid Depósito folletos 17/01/2008   T-541-F-2 1172798 23/02/2023 23/02/2023 Folleto